An interview with Marion Berghahn.

Detalles Bibliográficos
Autor principal: Kingston, Sean
Formato: Libro
Lenguaje:inglés
Publicado: Londres Turpin Distribution Services 2000

MARC

LEADER 00000cam a2200000 a 4500
001 025368
003 UAHC_CL
005 20170803122513.0
008 010809b xx j 000 1 eng
040 |a UAHC_CL  |c UAHC_CL  |d UAHC_CL 
100 1 |a Kingston, Sean 
245 1 3 |a An interview with Marion Berghahn. 
260 |a Londres  |b Turpin Distribution Services  |c 2000 
500 |a COLECCION REFERENCIA 
900 |a ANTHROPOLOGY TODAY-2 
942 |c BK 
999 |c 25368  |d 25368